| 000 | 00356pam a2200157a 44500 | ||
|---|---|---|---|
| 008 | 230515b2012 xxu||||| |||| 00| 0 eng d | ||
| 020 | _a9778-8190-90264-9 | ||
| 041 | _aMARATHI | ||
| 082 | _a891.2/GAR | ||
| 100 | _aGARDHE, G .K. | ||
| 245 | _aSARTH VAGBHAT | ||
| 250 | _a1 | ||
| 260 |
_aPUNE _bNULL _c2012 |
||
| 300 | _a564 | ||
| 650 | _aSARTH VAGBHAT | ||
| 999 |
_c498427 _d498427 |
||